00474 2200169 4500001002100000005001500021035002000036007000300056008004100059020002200100100001700122245005000139250001100189260003900200300004600239650001900285INLIS00000000000066520221129031742 a0010-1122000259ta221129 b 0 ind  a978-602-218-313-60 aIbnu Muhidin1 aNabi Nuh AS :bProphet Nuh AS /cIbnu Muhidin aCet. I aJakarta :bBintang Indonesia,c--- a24 halaman :bilustrasi berwarna ;c20 cm 4aKisah Nabi Nuh